| 000 | 00325nam a2200121Ia 4500 | ||
|---|---|---|---|
| 008 | 230907s9999||||xx |||||||||||||| ||und|| | ||
| 082 |
_a891.4393 _bMUH |
||
| 245 | 0 | _aکاجل کوٹھا , Kajal Kotha / | |
| 260 |
_aSang-e-Meel Publications, _bLahore : _c2018 |
||
| 300 | _a968 p. | ||
| 650 | _aUrdu Literature. | ||
| 942 | _cBK | ||
| 999 |
_c599690 _d599690 |
||